Introduction to Social Psychology / A European Perspective: Second Edition (Record no. 253)
[ view plain ]
| 000 -LEADER | |
|---|---|
| fixed length control field | 01659cam a22002294a 4500 |
| 005 - ΗΜΕΡΟΜΗΝΙΑ ΚΑΙ ΩΡΑ ΤΕΛΕΥΤΑΙΑΣ ΕΝΗΜΕΡΩΣΗΣ | |
| Πεδίο ελέγχου | 20250605163929.0 |
| 008 - FIXED-LENGTH DATA ELEMENTS--GENERAL INFORMATION | |
| Πεδίο ελέγχου σταθερού μήκους | 250528s ||||||||||||||||||||||||d |
| 035 ## - SYSTEM CONTROL NUMBER | |
| System control number | 14629 |
| 020 ## - ISBN | |
| ISBN | 631185852 |
| 040 ## - ΠΗΓΗ ΚΑΤΑΛΟΓΟΓΡΑΦΗΣΗΣ | |
| Φορέας πρωτότυπης καταλογογράφησης | MC Athens Campus Library |
| Γλώσσα καταλογογράφησης | Ελληνικά, Μοντέρνα (1453-) |
| Modifying agency | MC Athens Campus Library |
| Κανόνες περιγραφικής καταλογογράφησης | AACR2 |
| 245 1# - ΤΙΤΛΟΣ ΚΑΙ ΔΗΛΩΣΗ ΥΠΕΥΘΥΝΟΤΗΤΑΣ | |
| Τίτλος | Introduction to Social Psychology / A European Perspective: Second Edition |
| 250 ## - EDITION STATEMENT | |
| Edition statement | 2nd |
| 260 ## - PUBLICATION, DISTRIBUTION, ETC. | |
| Name of publisher, distributor, etc. | Blackwell Publishers, |
| Date of publication, distribution, etc. | 1996 |
| 300 ## - PHYSICAL DESCRIPTION | |
| Extent | 698 |
| 520 ## - SUMMARY, ETC. | |
| Summary, etc. | A good mix of basic introduction and more advanced discussion of the field which also provides insights into the process of doing research. Preface, Acknowledgements, Introduction, Introduction to History of Social Psychology, Evolutionary Social Psychology, Developmental Social Psychology, Methodology in Social Psychology: Putting Ideas to the Test, Construction of the Social World, Basic Concepts and Approaches in Social Cognition, Processing Social Information for Judgements and Decisions, Attribution Theory and Research: Basic Issues and Applications, Attitudes: Structure and Measurement and Functions, Principles of Attitude Formation and Strategies of Change, Emotion and Communication and Relationships, Emotion, Communication in Interpersonal and Social Relationships, Affiliation and Attraction and Close Relationships, Prosocial Behavior, Aggressive Behavior, Social Groups, Group Performance, Social Influence in Small Groups, Intergroup Relations, Epilogue, Applied Social Psychology, Glossary, References, Subject and Author Index. |
| 700 1# - ΠΡΟΣΘΕΤΗ ΑΝΑΓΡΑΦΗ--ΦΥΣΙΚΟ ΠΡΟΣΩΠΟ | |
| Personal name | Hewstone Miles |
| 9 (RLIN) | 362 |
| 700 1# - ΠΡΟΣΘΕΤΗ ΑΝΑΓΡΑΦΗ--ΦΥΣΙΚΟ ΠΡΟΣΩΠΟ | |
| Personal name | Stephenson Geoffrey M |
| 9 (RLIN) | 363 |
| 700 1# - ΠΡΟΣΘΕΤΗ ΑΝΑΓΡΑΦΗ--ΦΥΣΙΚΟ ΠΡΟΣΩΠΟ | |
| Personal name | Stroebe Wolfang Stroebe |
| 9 (RLIN) | 364 |
| 942 ## - ADDED ENTRY ELEMENTS (KOHA) | |
| Koha item type | Books |
| Τύπος τεκμηρίου | Βιβλιοθήκη | Τρέχουσα τοποθεσία | Barcode | Αριθμός εισαγωγής | Ημερομηνία απόκτησης | Ταξιθετικό σύμβολο | Αριθμός αντιτύπου | Κατάσταση απόσυρσης | Κατάσταση χαμένου | Κατάσταση κατεστραμμένου | Μη δανεισμός | Σύνολο δανεισμών | Σύνολο ανανεώσεων | Ημερομηνία τελευταίας εμφάνισης | Χρονολογία τελευταίου δανεισμού | Η τιμή ισχύει από |
|---|---|---|---|---|---|---|---|---|---|---|---|---|---|---|---|---|
| Books | MC Athens Campus Library | MC Athens Campus Library | 9780000002525 | 2944 | 05/06/2025 | 302 HEW | 1 | 2 | 2 | 07/01/2026 | 11/11/2025 | 05/06/2025 |